000 00805nam2a22002291 4500
001 2571596
005 20250622224517.0
035 _a(NLR Aleph) 006455458
090 _a5781950
_c5781950
100 _a20110316d1978 |||y0rusy50 ca
101 0 _arus
102 _aRU
105 _aa z |||||
200 0 _aЧ. 2. (2)
210 _d1978
_aБ. м.
215 _a125-263 с.
_cил.
461 0 _10012571593
_12001#$aДизель СМД-14 и его модификации$eТехн. требования на капит. ремонт$eТК 70.0001.073-77$eУтв. Гл. упр. ремонта и техн. обслуживания В/о "Союзсельхозтехника"$vЧ. 2. (2)
801 0 _aRU
_bNLR
_gpsbo
801 1 _aRU
_bELAR
_2rusmarc
852 _aNLR
_j78-8/1630
942 _cBOOK
980 _aNB